000 004460000a22001810004500
003 MACL
005 20151231120138.0
008 151231b xxu||||| |||| 00| 0 eng d
040 _aMACL
_cMACL
041 _aEnglish
082 _a295.592/GHU
100 _aGhurye, G S
_98444
245 _aThe Legacy of The Ramayana
260 _bPopular Prakashan
_c1979
_aBombay
350 _a80
650 _aReligion
_925454
942 _cBK
_k295.592/GHU
_2ddc
999 _c33875
_d33875